000 00664nam a2200205Ia 4500
003 OSt
005 20230607080854.0
008 210423s2000 xx 000 0 und d
040 _cAL
041 _aeng
082 _a331
_223
_bBHAR
100 _aBHAGAT (M)
_9120733
245 _aRehabititation of workers affected by closure relations of hahardous industrial units in Delhi
260 _aNew Delhi
_bSri Ramakrishna math
_c2000
365 _b150
_cINR
650 _aEconomics
_9120734
650 _aLabour Economics
_9120735
906 _aaffected ; closure ; Delhi ; hahardous ; industrial ; Rehabititation ; relations ; units ; workers
942 _2ddc
_cBK
999 _c176003
_d176003